[Event "Canadian op U1200"]
[Site "Windsor"]
[Date "2016.07.12"]
[Round "3.61"]
[White "Kapoor, Arjun"]
[Black "Periappuram, Moira"]
[Result "0-1"]
[WhiteElo "689"]
[BlackElo "746"]
[PlyCount "56"]
[EventDate "2016.07.10"]
[EventType "swiss"]
[EventRounds "9"]
[EventCountry "CAN"]
[SourceTitle "EXT 2022"]
[Source "ChessBase"]
[SourceDate "2021.10.06"]
[SourceVersion "1"]
[SourceVersionDate "2021.10.06"]
[SourceQuality "1"]

1. d4 d5 2. e3 Nf6 3. Nf3 Bg4 4. Nbd2 e6 5. Bd3 Be7 6. 0-0 0-0 7. b3 Nc6 8. Bb2 Qd6 9. h3 Bh5 10. g4 Bg6 11. Bxg6 fxg6 12. Ne5 Ne4 13. Nxc6 Qxc6 14. Nxe4 dxe4 15. f3 exf3 16. e4 Qxe4 17. Qd3 f2+ 18. Rxf2 Qd5 19. Rxf8+ Rxf8 20. Qc4 Qd6 21. Qc5 Qg3+ 22. Kh1 Bxc5 23. dxc5 Qxh3+ 24. Kg1 Qxg4+ 25. Kh1 Rf5 26. Be5 Rf2 27. Rg1 Qf3+ 28. Rg2 Qxg2# 0-1